Glimpses of indian fisheries (Record no. 102336)

MARC details
000 -LEADER
fixed length control field nam a22 4500
005 - DATE AND TIME OF LATEST TRANSACTION
control field 20190726092743.0
008 - FIXED-LENGTH DATA ELEMENTS--GENERAL INFORMATION
fixed length control field 190725b ||||| |||| 00| 0 eng d
080 ## - UNIVERSAL DECIMAL CLASSIFICATION NUMBER
Universal Decimal Classification number 639.2:741.5(540)
Item number JAY/G R
100 ## - MAIN ENTRY--PERSONAL NAME
Personal name Jayaprakash. A.A
245 ## - TITLE STATEMENT
Title Glimpses of indian fisheries
Remainder of title a caricature
260 ## - PUBLICATION, DISTRIBUTION, ETC. (IMPRINT)
Place of publication, distribution, etc Ernakulam
Name of publisher, distributor, etc CMRI
Date of publication, distribution, etc 2016
300 ## - PHYSICAL DESCRIPTION
Extent 76p.
942 ## - ADDED ENTRY ELEMENTS (KOHA)
item type Reference
Holdings
Lost status Source of classification or shelving scheme Not for loan Home library Current library Date acquired Total Checkouts Full call number Barcode Date last seen Price effective from Koha item type
  Universal Decimal Classification   University Library University Library 25/07/2019   639.2:741.5(540) JAY/G R G0010531 25/07/2019 25/07/2019 Reference
University Library, CUSAT